| 000 | 00334nam a22001337a 4500 | ||
|---|---|---|---|
| 020 | _a978-9353060411 | ||
| 040 | _cSCME | ||
| 100 |
_aJoel Hass, Christopher Heil, Maurice D Weir _9127702 |
||
| 245 |
_aThomas Calculus / _cJoel Hass |
||
| 250 | _a14th ed. | ||
| 260 |
_aMalaysia _bPearson _c2018 |
||
| 300 | _a1048p. | ||
| 942 |
_2ddc _cBK |
||
| 999 |
_c608442 _d608442 |
||